|
|
|
|
| LEADER |
00000nab a2200000 4500 |
| 001 |
vtls011741970 |
| 003 |
SK-MaSNL |
| 005 |
20260305035340.0 |
| 008 |
180216|20180216xo |||| || ||00 0|slo |
| 040 |
|
|
|e rda
|
| 041 |
|
|
|a slo
|
| 043 |
|
|
|a e-xo---
|
| 044 |
|
|
|a xo
|c SK
|
| 072 |
|
7 |
|a 502
|x Životné prostredie a jeho ochrana
|2 konspekt
|
| 080 |
|
|
|a 502
|2 2011
|
| 245 |
0 |
0 |
|a Prírodná pamiatka Zapikan
|
| 300 |
|
|
|b Fotografie
|
| 336 |
|
|
|a text
|b txt
|2 rdacontent
|
| 337 |
|
|
|a bez média
|b n
|2 rdamedia
|
| 338 |
|
|
|a zväzok
|b nc
|2 rdacarrier
|
| 610 |
2 |
7 |
|a Zapikan (prírodná pamiatka : Slovensko)
|2 vthk
|9 1617851
|
| 650 |
0 |
7 |
|a prírodné pamiatky
|2 vthk
|9 3807
|
| 651 |
|
7 |
|a Davidov (Slovensko)
|2 vthk
|9 60226
|
| 773 |
0 |
|
|t Vranovské novinky
|g Roč.22, č.7 (2018), s.7
|x 1338-1040
|
| 999 |
|
|
|c 3333441
|d 3335371
|